[Event "65+ World Senior Team Championship"]
[Site "chess24.com"]
[Date "2017.04.25"]
[Round "2"]
[White "Fernengel, Rudolf"]
[Black "Munninghoff, Alexander"]
[Result "0-1"]
[Board "4"]
[WhiteElo "1788"]
[WhiteCountry "GER"]
[WhiteFideId "24666858"]
[WhiteEloChange "-6"]
[BlackElo "1930"]
[BlackCountry "NED"]
[BlackFideId "1012460"]
[BlackEloChange "6"]

1. d4 {[%clk 1:30:59]} Nf6 {[%clk 1:30:52]} 2. c4 {[%clk 1:31:15]} c5 {[%clk
1:31:15]} 3. Nf3 {[%clk 1:31:22]} cxd4 {[%clk 1:31:21]} 4. Nxd4 {[%clk 1:31:38]}
g6 {[%clk 1:31:37]} 5. Nc3 {[%clk 1:31:13]} Bg7 {[%clk 1:31:01]} 6. e3 {[%clk
1:31:10]} O-O {[%clk 1:30:56]} 7. Be2 {[%clk 1:31:02]} Nc6 {[%clk 1:30:57]} 8.
O-O {[%clk 1:26:33]} d6 {[%clk 1:27:50]} 9. a3 {[%clk 1:24:48]} Bd7 {[%clk
1:25:43]} 10. Bf3 {[%clk 1:16:44]} Rc8 {[%clk 1:24:54]} 11. Be2 {[%clk 1:11:58]}
Ne5 {[%clk 1:23:25]} 12. b3 {[%clk 1:05:27]} a6 {[%clk 1:12:37]} 13. Bb2 {[%clk
1:05:40]} e6 {[%clk 1:10:46]} 14. f4 {[%clk 0:58:28]} Nc6 {[%clk 1:10:22]} 15.
Bf3 {[%clk 0:55:17]} Qc7 {[%clk 1:08:22]} 16. Rc1 {[%clk 0:51:32]} Qb8 {[%clk
1:07:31]} 17. Ba1 {[%clk 0:45:15]} Ne7 {[%clk 1:02:42]} 18. e4 {[%clk 0:42:44]}
e5 {[%clk 1:01:58]} 19. Nde2 {[%clk 0:42:10]} Rfd8 {[%clk 0:57:48]} 20. Qe1
{[%clk 0:39:42]} b5 {[%clk 0:53:35]} 21. Nd5 {[%clk 0:35:47]} Nexd5 {[%clk
0:46:43]} 22. cxd5 {[%clk 0:36:08]} Rxc1 {[%clk 0:47:04]} 23. Qxc1 {[%clk
0:36:32]} Rc8 {[%clk 0:47:21]} 24. Qd2 {[%clk 0:36:01]} Qb6+ {[%clk 0:45:11]} 25.
Kh1 {[%clk 0:36:09]} Ng4 {[%clk 0:40:59]} 26. Bxg4 {[%clk 0:35:21]} Bxg4 {[%clk
0:41:20]} 27. fxe5 {[%clk 0:35:07]} dxe5 {[%clk 0:41:19]} 28. h3 {[%clk 0:34:46]}
Bxe2 {[%clk 0:40:50]} 29. Qxe2 {[%clk 0:35:10]} Qc5 {[%clk 0:41:08]} 30. Bb2
{[%clk 0:30:02]} Qc2 {[%clk 0:41:14]} 31. Qf2 {[%clk 0:19:10]} Qxe4 {[%clk
0:40:23]} 32. Qxf7+ {[%clk 0:19:00]} Kh8 {[%clk 0:40:43]} 33. Qf3 {[%clk
0:17:55]} Qxf3 {[%clk 0:40:27]} 34. Rxf3 {[%clk 0:16:58]} Rc2 {[%clk 0:39:06]}
35. Bc3 {[%clk 0:15:24]} Kg8 {[%clk 0:39:27]} 36. Bb4 {[%clk 0:15:01]} Rc1+
{[%clk 0:35:32]} 37. Kh2 {[%clk 0:15:20]} Rd1 {[%clk 0:35:48]} 38. d6 {[%clk
0:15:17]} e4 {[%clk 0:36:11]} 39. Rf2 {[%clk 0:15:05]} Be5+ {[%clk 0:36:18]} 40.
g3 {[%clk 0:45:24]} Bxd6 {[%clk 1:06:39]} 41. Bxd6 {[%clk 0:42:25]} Rxd6 {[%clk
1:04:31]} 42. Re2 {[%clk 0:41:01]} Re6 {[%clk 1:04:53]} 43. Kg2 {[%clk 0:41:19]}
Kf7 {[%clk 1:05:09]} 44. Kf2 {[%clk 0:41:48]} Kf6 {[%clk 1:05:30]} 45. Ke3 {[%clk
0:42:13]} Ke5 {[%clk 1:05:47]} 46. Rc2 {[%clk 0:41:09]} Rd6 {[%clk 1:05:48]} 47.
Rc3 {[%clk 0:40:13]} a5 {[%clk 1:05:45]} 48. b4 {[%clk 0:39:20]} axb4 {[%clk
1:04:39]} 49. axb4 {[%clk 0:39:48]} g5 {[%clk 1:01:44]} 50. Rc5+ {[%clk 0:35:27]}
Rd5 {[%clk 1:02:05]} 51. Rc3 {[%clk 0:35:27]} Rd3+ {[%clk 1:02:05]} 52. Rxd3
{[%clk 0:34:07]} exd3 {[%clk 1:02:25]} 53. Kxd3 {[%clk 0:34:23]} Kd5 {[%clk
1:02:47]} 54. h4 {[%clk 0:34:02]} g4 {[%clk 1:02:30]} 55. Ke3 {[%clk 0:27:14]}
Kc4 {[%clk 1:02:52]} 56. Kf4 {[%clk 0:27:37]} Kxb4 {[%clk 1:02:52]} 57. Kxg4
{[%clk 0:27:37]} Kc3 {[%clk 1:03:00]} 58. Kg5 {[%clk 0:27:57]} b4 {[%clk
1:03:24]} 59. Kh6 {[%clk 0:28:18]} b3 {[%clk 1:03:48]} 60. g4 {[%clk 0:28:37]} b2
{[%clk 1:04:12]} 61. Kxh7 {[%clk 0:29:06]} b1Q+ {[%clk 1:04:31]} 62. Kh6 {[%clk
0:29:34]} Qb6+ {[%clk 1:04:28]} 63. Kh5 {[%clk 0:29:45]} Kd4 {[%clk 1:04:37]} 64.
g5 {[%clk 0:30:13]} Ke5 {[%clk 1:04:52]} 65. g6 {[%clk 0:30:38]} Kf6 {[%clk
1:05:21]} 66. Kh6 {[%clk 0:31:02]} Qc7 {[%clk 1:05:08]} 67. Kh5 {[%clk 0:29:17]}
Qg7 {[%clk 1:05:32]} 0-1

[Event "65+ World Senior Team Championship"]
[Site "chess24.com"]
[Date "2017.04.26"]
[Round "3"]
[White "Renman, Nils-Gustaf"]
[Black "Sveshnikov, Evgeny"]
[Result "1/2-1/2"]
[Board "1"]
[WhiteElo "2361"]
[WhiteTitle "IM"]
[WhiteCountry "SWE"]
[WhiteFideId "1700367"]
[WhiteEloChange "4"]
[BlackElo "2498"]
[BlackTitle "GM"]
[BlackCountry "RUS"]
[BlackFideId "4100638"]
[BlackEloChange "-2"]

1. d4 {[%clk 1:29:51]} d5 {[%clk 1:30:50]} 2. Nf3 {[%clk 1:30:05]} Nf6 {[%clk
1:31:10]} 3. c4 {[%clk 1:30:25]} e6 {[%clk 1:31:32]} 4. Nc3 {[%clk 1:30:25]} c6
{[%clk 1:31:53]} 5. Bg5 {[%clk 1:30:59]} Be7 {[%clk 1:32:04]} 6. e3 {[%clk
1:31:14]} h6 {[%clk 1:31:09]} 7. Bh4 {[%clk 1:31:34]} O-O {[%clk 1:31:27]} 8. Qc2
{[%clk 1:31:41]} b6 {[%clk 1:31:48]} 9. Bd3 {[%clk 1:25:43]} Ba6 {[%clk 1:30:47]}
10. Ne5 {[%clk 1:18:37]} Nfd7 {[%clk 1:28:25]} 11. Bxe7 {[%clk 1:18:19]} Qxe7
{[%clk 1:28:45]} 12. Nxd7 {[%clk 1:16:52]} Nxd7 {[%clk 1:23:45]} 13. cxd5 {[%clk
1:15:00]} Bxd3 {[%clk 1:24:06]} 14. Qxd3 {[%clk 1:15:25]} cxd5 {[%clk 1:24:23]}
15. O-O {[%clk 1:14:05]} a6 {[%clk 1:24:35]} 16. Rfc1 {[%clk 1:12:47]} Rfc8
{[%clk 1:23:45]} 17. e4 {[%clk 1:01:49]} dxe4 {[%clk 1:17:03]} 18. Nxe4 {[%clk
1:02:12]} Rd8 {[%clk 1:09:14]} 19. Qf3 {[%clk 0:46:18]} Nf6 {[%clk 0:56:50]} 20.
Nxf6+ {[%clk 0:45:45]} Qxf6 {[%clk 0:57:17]} 21. Qxf6 {[%clk 0:46:00]} gxf6
{[%clk 0:57:46]} 22. Rc4 {[%clk 0:36:29]} b5 {[%clk 0:55:25]} 23. Rb4 {[%clk
0:36:47]} Rac8 {[%clk 0:54:55]} 24. Kf1 {[%clk 0:22:05]} Rd5 {[%clk 0:43:27]} 25.
Ke2 {[%clk 0:09:51]} Rc2+ {[%clk 0:40:13]} 26. Ke3 {[%clk 0:10:09]} e5 {[%clk
0:36:54]} 27. Rd1 {[%clk 0:07:35]} exd4+ {[%clk 0:36:52]} 28. Rdxd4 {[%clk
0:07:16]} Re5+ {[%clk 0:36:36]} 29. Re4 {[%clk 0:06:30]} Rxe4+ {[%clk 0:36:57]}
30. Rxe4 {[%clk 0:04:45]} Rxb2 {[%clk 0:35:53]} 31. a4 {[%clk 0:05:13]} Kg7
{[%clk 0:32:44]} 32. axb5 {[%clk 0:03:24]} axb5 {[%clk 0:32:38]} 33. Rg4+ {[%clk
0:03:43]} Kh7 {[%clk 0:32:46]} 34. Rf4 {[%clk 0:03:56]} Kg6 {[%clk 0:33:06]} 35.
Rg4+ {[%clk 0:04:11]} Kf5 {[%clk 0:33:14]} 36. Rf4+ {[%clk 0:04:13]} Kg5 {[%clk
0:32:37]} 37. h4+ {[%clk 0:04:30]} Kg6 {[%clk 0:33:04]} 38. Rg4+ {[%clk 0:04:32]}
Kf5 {[%clk 0:33:10]} 39. Rf4+ {[%clk 0:04:47]} Ke5 {[%clk 0:32:33]} 40. Re4+
{[%clk 0:34:46]} Kd5 {[%clk 1:01:28]} 41. Rd4+ {[%clk 0:34:27]} Ke6 {[%clk
0:59:53]} 42. Re4+ {[%clk 0:34:33]} Kd6 {[%clk 1:00:18]} 43. Rd4+ {[%clk
0:32:53]} Ke7 {[%clk 1:00:40]} 44. Re4+ {[%clk 0:31:50]} Kf8 {[%clk 0:58:42]} 45.
Rf4 {[%clk 0:30:37]} Rb3+ {[%clk 0:58:59]} 46. Kd2 {[%clk 0:29:19]} Ke7 {[%clk
0:56:42]} 47. Rf5 {[%clk 0:24:36]} Ke6 {[%clk 0:56:42]} 48. Rh5 {[%clk 0:22:35]}
Rb2+ {[%clk 0:55:03]} 49. Ke3 {[%clk 0:22:48]} b4 {[%clk 0:53:01]} 50. Rxh6
{[%clk 0:22:23]} Rb3+ {[%clk 0:48:04]} 51. Kd4 {[%clk 0:19:23]} Rb2 {[%clk
0:43:41]} 52. Ke3 {[%clk 0:19:32]} Rb3+ {[%clk 0:43:32]} 53. Kd4 {[%clk 0:19:48]}
Rb1 {[%clk 0:43:47]} 54. Rh5 {[%clk 0:14:56]} f5 {[%clk 0:41:23]} 55. Rh6+ {[%clk
0:15:05]} f6 {[%clk 0:41:51]} 56. Rh7 {[%clk 0:15:19]} b3 {[%clk 0:33:43]} 57.
Rb7 {[%clk 0:15:39]} b2 {[%clk 0:34:06]} 58. Rb6+ {[%clk 0:13:27]} Kf7 {[%clk
0:34:23]} 59. Kc3 {[%clk 0:13:53]} Rg1 {[%clk 0:34:15]} 60. Rxb2 {[%clk 0:14:14]}
Rxg2 {[%clk 0:34:32]} 61. Kd3 {[%clk 0:14:02]} Rh2 {[%clk 0:34:22]} 62. Ke3
{[%clk 0:13:23]} Rxh4 {[%clk 0:34:39]} 63. Kf3 {[%clk 0:10:57]} Rh3+ {[%clk
0:33:08]} 64. Kf4 {[%clk 0:10:09]} Kg6 {[%clk 0:33:28]} 65. Rb8 {[%clk 0:10:31]}
Rh4+ {[%clk 0:33:03]} 66. Kf3 {[%clk 0:10:56]} Rd4 {[%clk 0:32:52]} 67. Rg8+
{[%clk 0:10:01]} Kf7 {[%clk 0:33:20]} 68. Ra8 {[%clk 0:10:23]} Ke7 {[%clk
0:33:27]} 69. Ra6 {[%clk 0:09:51]} Rd6 {[%clk 0:33:02]} 70. Rxd6 {[%clk 0:09:15]}
Kxd6 {[%clk 0:33:22]} 71. Kf4 {[%clk 0:09:42]} Ke6 {[%clk 0:32:30]} 72. f3 {[%clk
0:10:03]} Ke7 {[%clk 0:32:52]} 73. Kxf5 {[%clk 0:10:25]} Kf7 {[%clk 0:32:43]} 74.
f4 {[%clk 0:08:34]} 1/2-1/2

[Event "65+ World Senior Team Championship"]
[Site "chess24.com"]
[Date "2017.04.26"]
[Round "3"]
[White "Vasiukov, Evgeni"]
[Black "Uddenfeldt, Dan"]
[Result "1-0"]
[Board "2"]
[WhiteElo "2396"]
[WhiteTitle "GM"]
[WhiteCountry "RUS"]
[WhiteFideId "4100522"]
[WhiteEloChange "9"]
[BlackElo "2359"]
[BlackCountry "SWE"]
[BlackFideId "1700243"]
[BlackEloChange "-9"]

1. e4 {[%clk 1:31:00]} d6 {[%clk 1:30:20]} 2. d4 {[%clk 1:30:59]} g6 {[%clk
1:29:32]} 3. Nc3 {[%clk 1:23:51]} Bg7 {[%clk 1:29:04]} 4. Nf3 {[%clk 1:24:01]}
Nf6 {[%clk 1:28:18]} 5. Be2 {[%clk 1:24:21]} c6 {[%clk 1:27:58]} 6. O-O {[%clk
1:24:22]} O-O {[%clk 1:27:55]} 7. h3 {[%clk 1:23:44]} Nbd7 {[%clk 1:27:11]} 8. a4
{[%clk 1:21:05]} a5 {[%clk 1:26:05]} 9. Be3 {[%clk 1:16:18]} e5 {[%clk 1:24:53]}
10. Re1 {[%clk 1:14:19]} Re8 {[%clk 1:22:29]} 11. Bc4 {[%clk 1:09:09]} Qe7 {[%clk
1:11:58]} 12. Qd2 {[%clk 0:48:54]} exd4 {[%clk 1:09:35]} 13. Nxd4 {[%clk
0:49:15]} Nc5 {[%clk 1:09:16]} 14. f3 {[%clk 0:49:25]} Rd8 {[%clk 1:02:02]} 15.
Rad1 {[%clk 0:46:58]} Qc7 {[%clk 0:51:15]} 16. Qf2 {[%clk 0:32:02]} Bd7 {[%clk
0:48:00]} 17. Nb3 {[%clk 0:29:45]} b6 {[%clk 0:46:14]} 18. Nxc5 {[%clk 0:24:35]}
bxc5 {[%clk 0:44:45]} 19. e5 {[%clk 0:17:59]} dxe5 {[%clk 0:44:27]} 20. Bxc5
{[%clk 0:18:24]} Qb7 {[%clk 0:43:36]} 21. b3 {[%clk 0:17:21]} Re8 {[%clk
0:42:45]} 22. Ne4 {[%clk 0:09:44]} Nxe4 {[%clk 0:41:02]} 23. fxe4 {[%clk
0:10:12]} Be6 {[%clk 0:40:38]} 24. Bxe6 {[%clk 0:10:36]} Rxe6 {[%clk 0:41:02]}
25. Rd3 {[%clk 0:11:05]} Bf8 {[%clk 0:39:15]} 26. Red1 {[%clk 0:11:33]} Bxc5
{[%clk 0:22:55]} 27. Qxc5 {[%clk 0:12:01]} Qb4 {[%clk 0:21:18]} 28. Rd8+ {[%clk
0:12:13]} Rxd8 {[%clk 0:19:31]} 29. Rxd8+ {[%clk 0:12:39]} Kg7 {[%clk 0:19:53]}
30. Qxb4 {[%clk 0:12:35]} axb4 {[%clk 0:20:21]} 31. Rb8 {[%clk 0:09:22]} c5
{[%clk 0:14:02]} 32. Rc8 {[%clk 0:09:45]} Rd6 {[%clk 0:14:24]} 33. Rxc5 {[%clk
0:10:10]} Kf6 {[%clk 0:14:48]} 34. Rc4 {[%clk 0:04:53]} Kg5 {[%clk 0:12:35]} 35.
Kf2 {[%clk 0:03:50]} f5 {[%clk 0:12:32]} 36. h4+ {[%clk 0:02:25]} Kf6 {[%clk
0:11:59]} 37. Kf3 {[%clk 0:02:14]} Rb6 {[%clk 0:08:02]} 38. Rc5 {[%clk 0:02:10]}
Ke6 {[%clk 0:07:44]} 39. Ke3 {[%clk 0:02:26]} h6 {[%clk 0:06:09]} 40. Kf3 {[%clk
0:31:12]} f4 {[%clk 0:35:59]} 41. a5 {[%clk 0:28:33]} Ra6 {[%clk 0:35:40]} 42. c3
{[%clk 0:21:14]} bxc3 {[%clk 0:35:43]} 43. b4 {[%clk 0:21:41]} 1-0

[Event "65+ World Senior Team Championship"]
[Site "chess24.com"]
[Date "2017.04.26"]
[Round "3"]
[White "Hedin, Gunnar"]
[Black "Balashov, Yuri S"]
[Result "0-1"]
[Board "3"]
[WhiteElo "2193"]
[WhiteCountry "SWE"]
[WhiteFideId "1712381"]
[WhiteEloChange "-4"]
[BlackElo "2408"]
[BlackTitle "GM"]
[BlackCountry "RUS"]
[BlackFideId "4100263"]
[BlackEloChange "2"]

1. f4 {[%clk 1:30:46]} d5 {[%clk 1:30:45]} 2. Nf3 {[%clk 1:31:07]} g6 {[%clk
1:31:00]} 3. g3 {[%clk 1:31:18]} Bg7 {[%clk 1:31:21]} 4. Bg2 {[%clk 1:31:41]} Nh6
{[%clk 1:31:23]} 5. O-O {[%clk 1:26:25]} O-O {[%clk 1:31:25]} 6. d3 {[%clk
1:25:14]} d4 {[%clk 1:26:44]} 7. c3 {[%clk 1:21:47]} c5 {[%clk 1:23:41]} 8. e4
{[%clk 1:16:25]} dxe3 {[%clk 1:23:53]} 9. Bxe3 {[%clk 1:16:17]} Qc7 {[%clk
1:24:10]} 10. Na3 {[%clk 1:14:26]} Nd7 {[%clk 1:11:47]} 11. Qe2 {[%clk 1:06:41]}
Rb8 {[%clk 1:08:12]} 12. d4 {[%clk 0:50:38]} Nf5 {[%clk 0:57:42]} 13. Bf2 {[%clk
0:47:52]} cxd4 {[%clk 0:57:35]} 14. Nb5 {[%clk 0:47:52]} Qd8 {[%clk 0:51:40]} 15.
Nbxd4 {[%clk 0:46:24]} Nd6 {[%clk 0:45:38]} 16. Rfe1 {[%clk 0:30:53]} Re8 {[%clk
0:45:46]} 17. Ne5 {[%clk 0:30:24]} Nf6 {[%clk 0:40:17]} 18. g4 {[%clk 0:27:41]}
Qc7 {[%clk 0:36:17]} 19. h3 {[%clk 0:24:48]} a6 {[%clk 0:35:56]} 20. c4 {[%clk
0:22:28]} Rd8 {[%clk 0:32:21]} 21. Rac1 {[%clk 0:22:23]} e6 {[%clk 0:30:00]} 22.
c5 {[%clk 0:19:00]} Nde8 {[%clk 0:30:09]} 23. Red1 {[%clk 0:11:43]} Nd5 {[%clk
0:24:18]} 24. Bg3 {[%clk 0:09:37]} f6 {[%clk 0:21:55]} 25. Nd3 {[%clk 0:08:28]}
Qf7 {[%clk 0:22:07]} 26. b4 {[%clk 0:07:27]} Nec7 {[%clk 0:22:02]} 27. Qf2 {[%clk
0:07:35]} Nb5 {[%clk 0:20:45]} 28. Nxb5 {[%clk 0:07:23]} axb5 {[%clk 0:21:09]}
29. Ne1 {[%clk 0:06:30]} Ra8 {[%clk 0:19:46]} 30. Rd2 {[%clk 0:05:30]} Re8 {[%clk
0:19:35]} 31. Bxd5 {[%clk 0:05:40]} exd5 {[%clk 0:19:59]} 32. Nf3 {[%clk
0:04:52]} h5 {[%clk 0:18:41]} 33. Nd4 {[%clk 0:04:45]} Bd7 {[%clk 0:18:35]} 34.
f5 {[%clk 0:05:05]} Ra3 {[%clk 0:18:12]} 35. Nb3 {[%clk 0:05:09]} hxg4 {[%clk
0:17:53]} 36. hxg4 {[%clk 0:05:38]} Re4 {[%clk 0:17:46]} 37. Rd4 {[%clk 0:05:08]}
gxf5 {[%clk 0:16:33]} 38. gxf5 {[%clk 0:05:10]} Qh5 {[%clk 0:16:28]} 39. Rxe4
{[%clk 0:02:14]} dxe4 {[%clk 0:16:51]} 40. Re1 {[%clk 0:30:58]} Bc6 {[%clk
0:45:51]} 41. Nd4 {[%clk 0:30:58]} Qg4 {[%clk 0:39:28]} 42. Re3 {[%clk 0:12:13]}
Rxe3 {[%clk 0:36:26]} 43. Qxe3 {[%clk 0:12:39]} Kh7 {[%clk 0:36:07]} 44. Nxc6
{[%clk 0:10:37]} bxc6 {[%clk 0:36:25]} 45. Qf4 {[%clk 0:08:39]} Qxf4 {[%clk
0:33:29]} 46. Bxf4 {[%clk 0:09:05]} Bh6 {[%clk 0:33:50]} 47. Bg3 {[%clk 0:08:26]}
Bd2 {[%clk 0:33:21]} 48. a3 {[%clk 0:08:37]} Kh6 {[%clk 0:32:49]} 49. Bh4 {[%clk
0:08:32]} Bg5 {[%clk 0:32:46]} 50. Be1 {[%clk 0:08:17]} Be3+ {[%clk 0:32:55]} 51.
Kf1 {[%clk 0:08:41]} Kg5 {[%clk 0:33:07]} 52. Ke2 {[%clk 0:08:15]} Bd4 {[%clk
0:33:19]} 53. Bd2+ {[%clk 0:06:36]} Kxf5 {[%clk 0:33:43]} 54. a4 {[%clk 0:06:59]}
bxa4 {[%clk 0:34:03]} 0-1

[Event "65+ World Senior Team Championship"]
[Site "chess24.com"]
[Date "2017.04.26"]
[Round "3"]
[White "Berkovich, Mark A"]
[Black "Sharif, Mehrshad"]
[Result "1/2-1/2"]
[Board "2"]
[WhiteElo "2345"]
[WhiteTitle "IM"]
[WhiteCountry "ISR"]
[WhiteFideId "2801639"]
[WhiteEloChange "1"]
[BlackElo "2385"]
[BlackTitle "IM"]
[BlackCountry "FRA"]
[BlackFideId "600121"]
[BlackEloChange "-1"]

1. Nf3 {[%clk 1:30:51]} d5 {[%clk 1:28:58]} 2. g3 {[%clk 1:31:02]} Bg4 {[%clk
1:29:04]} 3. Bg2 {[%clk 1:31:19]} Nd7 {[%clk 1:29:05]} 4. c4 {[%clk 1:30:43]} e6
{[%clk 1:29:22]} 5. cxd5 {[%clk 1:29:40]} exd5 {[%clk 1:29:40]} 6. O-O {[%clk
1:29:59]} c6 {[%clk 1:29:23]} 7. d3 {[%clk 1:30:23]} Bd6 {[%clk 1:28:52]} 8. Nc3
{[%clk 1:27:31]} Ne7 {[%clk 1:28:15]} 9. h3 {[%clk 1:27:23]} Bh5 {[%clk 1:28:01]}
10. e4 {[%clk 1:25:43]} f6 {[%clk 1:20:44]} 11. exd5 {[%clk 1:23:40]} cxd5 {[%clk
1:21:05]} 12. Nb5 {[%clk 1:14:04]} Bb8 {[%clk 1:20:43]} 13. Nbd4 {[%clk 1:10:01]}
Bf7 {[%clk 1:20:10]} 14. Qb3 {[%clk 0:59:47]} Qb6 {[%clk 1:18:20]} 15. Qxb6
{[%clk 0:52:55]} axb6 {[%clk 1:17:05]} 16. Re1 {[%clk 0:53:02]} Ne5 {[%clk
1:10:31]} 17. Nxe5 {[%clk 0:50:55]} Bxe5 {[%clk 1:09:39]} 18. Nb5 {[%clk
0:49:33]} Kd7 {[%clk 1:02:24]} 19. d4 {[%clk 0:44:25]} Bd6 {[%clk 1:02:14]} 20.
Nxd6 {[%clk 0:42:11]} Kxd6 {[%clk 1:02:12]} 21. Bf4+ {[%clk 0:41:37]} Kd7 {[%clk
1:02:22]} 22. h4 {[%clk 0:39:02]} Be6 {[%clk 0:43:50]} 23. Bf1 {[%clk 0:37:46]}
Nc6 {[%clk 0:43:07]} 24. Bb5 {[%clk 0:33:49]} Bf5 {[%clk 0:38:53]} 25. Re3 {[%clk
0:30:36]} Rhe8 {[%clk 0:36:25]} 26. Rxe8 {[%clk 0:26:47]} Rxe8 {[%clk 0:33:27]}
27. f3 {[%clk 0:26:20]} h5 {[%clk 0:31:41]} 28. Kf2 {[%clk 0:25:59]} Ra8 {[%clk
0:30:46]} 29. a4 {[%clk 0:20:51]} Kd8 {[%clk 0:23:15]} 30. Bxc6 {[%clk 0:19:06]}
bxc6 {[%clk 0:23:21]} 1/2-1/2

[Event "65+ World Senior Team Championship"]
[Site "chess24.com"]
[Date "2017.04.26"]
[Round "3"]
[White "Seret, Jean-Luc"]
[Black "Lederman, Leon"]
[Result "1-0"]
[Board "3"]
[WhiteElo "2381"]
[WhiteTitle "IM"]
[WhiteCountry "FRA"]
[WhiteFideId "600210"]
[WhiteEloChange "7"]
[BlackElo "2276"]
[BlackTitle "IM"]
[BlackCountry "ISR"]
[BlackFideId "2800403"]
[BlackEloChange "-7"]

1. e4 {[%clk 1:30:50]} c5 {[%clk 1:30:56]} 2. Nf3 {[%clk 1:31:00]} d6 {[%clk
1:31:22]} 3. c3 {[%clk 1:31:02]} Nf6 {[%clk 1:31:46]} 4. Bd3 {[%clk 1:29:49]} Nc6
{[%clk 1:30:16]} 5. Bc2 {[%clk 1:28:27]} Bg4 {[%clk 1:29:09]} 6. d3 {[%clk
1:26:02]} g6 {[%clk 1:26:51]} 7. Nbd2 {[%clk 1:25:18]} Bg7 {[%clk 1:24:31]} 8. h3
{[%clk 1:23:55]} Bd7 {[%clk 1:16:10]} 9. O-O {[%clk 1:22:28]} O-O {[%clk
1:16:34]} 10. Re1 {[%clk 1:19:12]} b5 {[%clk 1:14:56]} 11. d4 {[%clk 1:13:22]}
cxd4 {[%clk 1:14:56]} 12. cxd4 {[%clk 1:13:44]} e5 {[%clk 1:03:41]} 13. dxe5
{[%clk 1:05:56]} Nxe5 {[%clk 0:56:50]} 14. Nxe5 {[%clk 0:57:17]} dxe5 {[%clk
0:56:19]} 15. b4 {[%clk 0:57:01]} Qe7 {[%clk 0:54:10]} 16. a3 {[%clk 0:56:23]}
Rfd8 {[%clk 0:53:33]} 17. Qe2 {[%clk 0:54:43]} a5 {[%clk 0:46:23]} 18. bxa5
{[%clk 0:51:39]} Rxa5 {[%clk 0:46:46]} 19. Rb1 {[%clk 0:47:02]} Nh5 {[%clk
0:39:54]} 20. g3 {[%clk 0:41:05]} Bf8 {[%clk 0:37:44]} 21. h4 {[%clk 0:39:50]}
Qf6 {[%clk 0:31:44]} 22. Bd3 {[%clk 0:38:05]} Bxa3 {[%clk 0:29:40]} 23. Nb3
{[%clk 0:35:38]} Raa8 {[%clk 0:25:34]} 24. Bg5 {[%clk 0:33:49]} Qb6 {[%clk
0:23:54]} 25. Bxd8 {[%clk 0:34:08]} Rxd8 {[%clk 0:24:18]} 26. Qe3 {[%clk
0:34:01]} Qc7 {[%clk 0:23:14]} 27. Be2 {[%clk 0:31:20]} Nf6 {[%clk 0:22:27]} 28.
Red1 {[%clk 0:30:01]} Rb8 {[%clk 0:21:36]} 29. Ra1 {[%clk 0:29:33]} b4 {[%clk
0:17:52]} 30. Nc5 {[%clk 0:28:53]} Bb5 {[%clk 0:18:15]} 31. Bxb5 {[%clk 0:27:10]}
Rxb5 {[%clk 0:18:38]} 32. Nb3 {[%clk 0:26:48]} Rb6 {[%clk 0:17:14]} 33. Rd3
{[%clk 0:24:14]} Rc6 {[%clk 0:17:07]} 34. Rad1 {[%clk 0:23:08]} Kg7 {[%clk
0:16:49]} 35. Nd2 {[%clk 0:18:46]} Bb2 {[%clk 0:14:17]} 36. Rb1 {[%clk 0:13:56]}
Bc3 {[%clk 0:09:40]} 37. Kg2 {[%clk 0:11:26]} Ng4 {[%clk 0:08:01]} 38. Qe2 {[%clk
0:11:00]} h5 {[%clk 0:08:26]} 39. Rc1 {[%clk 0:10:09]} Qb6 {[%clk 0:04:05]} 40.
f3 {[%clk 0:38:16]} Nf6 {[%clk 0:34:30]} 41. Nb1 {[%clk 0:34:00]} Bd4 {[%clk
0:33:05]} 42. Rxc6 {[%clk 0:34:04]} Qxc6 {[%clk 0:33:33]} 43. Qd1 {[%clk
0:32:28]} Qc4 {[%clk 0:25:32]} 44. Qb3 {[%clk 0:30:58]} Qc5 {[%clk 0:23:28]} 45.
Rd2 {[%clk 0:30:04]} Qc1 {[%clk 0:20:41]} 46. Rd1 {[%clk 0:29:19]} Qc5 {[%clk
0:20:59]} 47. Qd3 {[%clk 0:27:29]} Qa5 {[%clk 0:14:53]} 48. Nd2 {[%clk 0:25:34]}
Bc3 {[%clk 0:11:48]} 49. Qc2 {[%clk 0:24:42]} Ne8 {[%clk 0:10:02]} 50. Nb3 {[%clk
0:22:58]} Qa6 {[%clk 0:08:25]} 51. Nc1 {[%clk 0:22:16]} Nd6 {[%clk 0:05:29]} 52.
Qa2 {[%clk 0:18:11]} Qb6 {[%clk 0:03:53]} 53. Qd5 {[%clk 0:16:38]} Nb5 {[%clk
0:03:18]} 54. Ne2 {[%clk 0:16:24]} f6 {[%clk 0:01:57]} 55. Qd7+ {[%clk 0:16:21]}
Kh6 {[%clk 0:02:21]} 56. Qe8 {[%clk 0:16:21]} 1-0